Band by 3 Songs (20th century) - Statistics

General Stats
  • This quiz has been taken 26 times
  • The average score is 13 of 20
Answer Stats
Hint Answer % Correct
Long Away, Killer Queen, The Show Must Go On Queen
92%
Gimme Shelter, Let it Bleed, Brown Sugar The Rolling Stones
88%
Ring Ring, Super Trouper, SOS Abba
83%
I Loved Another Woman, Go Your Own Way, Dreams Fleetwood Mac
83%
Us And Them, Dogs, Wish You Were Here Pink Floyd
79%
Man On The Moon, Shiny Happy People, It's The End Of The World As We Know It R.E.M
79%
Bargain, Pinball Wizard, Baba O'Riley The Who
79%
Bad Moon Rising, Have You Ever Seen The Rain, Proud Mary Creedence Clearwater Revival
75%
Don't Bring Me Down, Telephone Line, Evil Woman Electric Light Orchestra
75%
Kashmir, Ramble On, Good Times Bad Times Led Zeppelin
75%
Lithium, The Man Who Sold The World, Something In The Way Nirvana
75%
New Kid In Town, Desperado, Tequila Sunrise Eagles
71%
Land Of Confusion, Ripple, Mama Genesis
58%
Don't Leave Me Now, Goodbye Stranger, Give A Little Bit Supertramp
58%
Hold The Line, Stop Loving You, Georgy Porgy Toto
58%
Daddy Cool, Rivers Of Babylon, Gotta Go Home Boney M.
54%
Boys Don't Cry, Pictures Of You, Lullaby The Cure
50%
Why Worry, Romeo And Juliet, Telegraph Road Dire Straits
42%
True Faith, Regret, Crystal New Order
25%
Pale Blue Eyes, Venus In Furs, Femme Fatale The Velvet Underground
25%
No matching quizzes found
Score Distribution
Percent of People with Each Score
Percentile by Number Answered
Your Score History
You have not taken this quiz